[Event "Dearborn (MI Inv/5)"]
[Site "Dearborn"]
[Date "1994.??.??"]
[Round "?"]
[White "Lindsay, F."]
[Black "Tsemekhman, Vadim"]
[Result "1-0"]
[WhiteElo "2435"]
[BlackElo "2460"]
[PlyCount "97"]
[EventDate "1994.??.??"]

1. d4 Nf6 2. c4 g6 3. Nc3 Bg7 4. Nf3 O-O 5. Bg5 c5 6. e3 Na6 7. Be2 d6 8. O-O
h6 9. Bh4 g5 10. Bg3 Nh5 11. Qd2 f5 12. Rac1 Qe8 13. dxc5 Nxc5 14. Nd4 Bd7 15.
b4 Na6 16. Nd5 Nxg3 17. hxg3 Rc8 18. Nb5 Qd8 19. Nxa7 Ra8 20. Nb5 e6 21. Ndc3
Nxb4 22. a3 Na6 23. Qxd6 Bc6 24. Qxe6+ Kh8 25. Rfd1 Qa5 26. Nd5 Rad8 27. Ne7
Rf6 28. Rxd8+ Qxd8 29. Qc8 Qxc8 30. Nxc8 Bd7 31. Ncd6 b6 32. Rd1 Nc5 33. Nc7
Ba4 34. Rd2 Kh7 35. Nde8 Bxe8 36. Nxe8 Rf8 37. Bh5 Bc3 38. Rd6 Ne4 39. Rxb6 Be1
40. Rb2 f4 41. exf4 gxf4 42. g4 f3 43. gxf3 Nd2 44. c5 Nxf3+ 45. Kf1 Bc3 46.
Rb7+ Kh8 47. c6 Bd4 48. c7 Nh4 49. Nf6 1-0

[Event "Dearborn (MI Inv/1)"]
[Site "Dearborn"]
[Date "1994.??.??"]
[Round "?"]
[White "Lindsay, F."]
[Black "Strugach, L."]
[Result "0-1"]
[WhiteElo "2435"]
[BlackElo "2370"]
[PlyCount "80"]
[EventDate "1994.??.??"]

1. d4 Nf6 2. c4 e6 3. Nc3 Bb4 4. Bg5 h6 5. Bh4 c5 6. d5 b5 7. dxe6 fxe6 8. cxb5
d5 9. e3 O-O 10. a3 Bxc3+ 11. bxc3 Qa5 12. Bxf6 Rxf6 13. Qb3 a6 14. bxa6 Bxa6
15. Bxa6 Qxa6 16. Ne2 Nc6 17. Qa2 d4 18. exd4 cxd4 19. O-O d3 20. Ng3 Ne5 21.
Rfe1 Nc4 22. Re4 Rc8 23. Rd1 d2 24. a4 Qb6 25. Re2 Rf7 26. Ne4 Rd7 27. Nxd2 Qd6
28. Re4 Qd3 29. Nf1 Qxd1 30. Rxc4 Rxc4 31. Qxc4 Qd5 32. Qxd5 exd5 33. Ne3 Kf7
34. Kf1 Ke6 35. c4 d4 36. Nd5 Kd6 37. Ke2 Kc5 38. Kd3 Rb7 39. a5 Rb3+ 40. Kc2
Ra3 0-1

[Event "Dearborn (MI Inv/3)"]
[Site "Dearborn"]
[Date "1994.??.??"]
[Round "?"]
[White "Lindsay, F."]
[Black "Noren, Kevin"]
[Result "1-0"]
[WhiteElo "2435"]
[BlackElo "2260"]
[PlyCount "87"]
[EventDate "1994.??.??"]

1. d4 Nf6 2. c4 e6 3. Nc3 Bb4 4. Bg5 c5 5. Rc1 h6 6. Bh4 cxd4 7. Qxd4 Nc6 8.
Bxf6 Nxd4 9. Bxd8 Kxd8 10. e3 Nc6 11. Nf3 b6 12. Be2 Bb7 13. O-O Rc8 14. a3 Be7
15. Rfd1 a6 16. Na4 Kc7 17. Rc3 Bf6 18. Rb3 Na5 19. Rxb6 Bc6 20. Rb4 Rb8 21.
Nc5 Ra8 22. Nd3 d6 23. c5 Be7 24. cxd6+ Bxd6 25. Rd4 Rhd8 26. Nb4 Bb7 27. h3
Nc6 28. Nxc6 Bxc6 29. Rc4 Kb6 30. Nd4 Bd5 31. Rcc1 Be5 32. Bf3 Bxd4 33. Rxd4 a5
34. Bxd5 Rxd5 35. Rxd5 exd5 36. Kf1 Re8 37. b3 Re4 38. Ke2 f5 39. f3 Re6 40.
Kd3 Rg6 41. Rc2 Rd6 42. Kd4 Rd8 43. Rc3 g5 44. Rc5 1-0

[Event "Novi (MI Women/3/8)"]
[Site "?"]
[Date "1994.??.??"]
[Round "?"]
[White "Lin, K."]
[Black "Rahal, N."]
[Result "0-1"]
[WhiteElo "1605"]
[BlackElo "1605"]
[PlyCount "78"]
[EventDate "1994.??.??"]

{3/(8)} 1. e4 d5 2. exd5 Qxd5 3. c4 Qe6+ 4. Be2 Nc6 5. Nh3 Qe5 6. O-O Bxh3 7.
Na3 Qg5 8. d3 Bxg2 9. Nc2 Bxf1+ 10. Kh1 Bxe2 11. Qxe2 Qf6 12. Ne3 Nd4 13. Qd1
Qxf2 14. Rb1 Ne2 15. Nd5 Nxc1 16. Qxc1 Qf3+ 17. Kg1 b5 18. cxb5 Qxd5 19. Qd1
Rd8 20. Qd2 e5 21. Rd1 Bb4 22. Qc1 Qxb5 23. b3 Rxd3 24. Rxd3 Qxd3 25. Qa1 Bc3
26. Qc1 Nf6 27. Qa3 Qd4+ 28. Kh1 Bb4 29. Qa4+ Nd7 30. Qa5 Bxa5 31. a3 O-O 32.
b4 Bxb4 33. axb4 Qxb4 34. h4 Re8 35. Kh2 Qb3 36. h5 Re6 37. Kh1 Rd6 38. Kh2
Rd2+ 39. Kh1 Qb1# 0-1

[Event "Novi (MI Women/5/8)"]
[Site "?"]
[Date "1994.??.??"]
[Round "?"]
[White "Lin, K."]
[Black "Garrett, J."]
[Result "0-1"]
[WhiteElo "1605"]
[BlackElo "1605"]
[PlyCount "64"]
[EventDate "1994.??.??"]

{5/(8)} 1. e4 e5 2. Nf3 Nf6 3. Nxe5 Nxe4 4. Bd3 Nc6 5. Nxc6 dxc6 6. Bxe4 Bb4 7.
O-O O-O 8. c3 Bd6 9. Na3 Qh4 10. g3 Qxe4 11. d3 Qf5 12. Nc4 Bc5 13. b4 Bd6 14.
Rb1 h5 15. Rb3 h4 16. gxh4 Qh3 17. Re1 Qxh2+ 18. Kf1 Bh3+ 19. Ke2 Rfe8+ 20. Kd2
Bf4+ 21. Kc2 Qxf2+ 22. Kb1 Rxe1 23. Qd2 Rxc1+ 24. Kb2 Bxd2 25. Nxd2 Qxd2+ 26.
Ka3 Ra1 27. Ka4 a5 28. Ra3 axb4+ 29. Kb3 bxa3 30. Kc4 Be6+ 31. Kd4 Ra4+ 32. Ke5
Qxc3+ 0-1

[Event "Detroit (MOR/2/17)"]
[Site "?"]
[Date "1994.??.??"]
[Round "?"]
[White "Libby, Dan"]
[Black "Sunts, A."]
[Result "0-1"]
[WhiteElo "1605"]
[BlackElo "1700"]
[PlyCount "96"]
[EventDate "1994.??.??"]

{2/(17)} 1. c4 e5 2. g3 g6 3. Bg2 Bg7 4. Nc3 Nf6 5. Nf3 d6 6. O-O c6 7. d3 O-O
8. Bg5 Bg4 9. Ne4 Bxf3 10. Bxf3 h6 11. Nxf6+ Bxf6 12. Bxh6 Bg7 13. Bxg7 Kxg7
14. d4 exd4 15. Qxd4+ Qf6 16. Rad1 Qxd4 17. Rxd4 Rd8 18. Rfd1 d5 19. cxd5 c5
20. Rc4 Nd7 21. b4 b6 22. d6 Rab8 23. b5 Ne5 24. Rc3 Nxf3+ 25. Rxf3 Rd7 26. e4
f6 27. Re3 Rbd8 28. e5 fxe5 29. Rxe5 Rxd6 30. Rxd6 Rxd6 31. Re7+ Kf6 32. Rxa7
Ke5 33. Ra4 Kd5 34. Ra8 Kc4 35. a4 Kb4 36. Kg2 c4 37. Rc8 c3 38. h4 Kb3 39. g4
c2 40. h5 gxh5 41. g5 Kb2 42. f4 Rd2+ 43. Kg1 Rd3 44. Rxc2+ Kxc2 45. Kf2 Rd4
46. Kg3 Rxa4 47. g6 Kd3 48. f5 Rg4+ 0-1

[Event "Detroit (MOR/6/15)"]
[Site "?"]
[Date "1994.??.??"]
[Round "?"]
[White "Libby, Dan"]
[Black "Palmeri, S."]
[Result "1-0"]
[WhiteElo "1700"]
[BlackElo "1605"]
[PlyCount "73"]
[EventDate "1994.??.??"]

{6/(15)} 1. c4 c5 2. g3 Nc6 3. Bg2 d6 4. Nc3 Rb8 5. d3 Nf6 6. e4 Bg4 7. f3 Bd7
8. Be3 Nd4 9. Nge2 e5 10. O-O Be7 11. f4 Ng4 12. Bxd4 cxd4 13. Nd5 O-O 14. h3
Nf6 15. Nxe7+ Qxe7 16. f5 b5 17. b3 bxc4 18. bxc4 Rb4 19. Rb1 Rfb8 20. Rxb4
Rxb4 21. Qd2 a5 22. g4 Qd8 23. g5 Ne8 24. g6 Qb6 25. Qg5 Nf6 26. Ng3 Qd8 27.
Nh5 Kh8 28. gxf7 Qf8 29. Nxf6 Qxf7 30. Nxd7 Qxd7 31. f6 Rb8 32. f7 Rf8 33. Qf5
Qe7 34. h4 h6 35. Qg6 a4 36. Bh3 a3 37. Bf5 1-0

[Event "Detroit (MOR/4/21)"]
[Site "?"]
[Date "1994.??.??"]
[Round "?"]
[White "Libby, Dan"]
[Black "Oprean, G."]
[Result "1-0"]
[WhiteElo "1700"]
[BlackElo "1605"]
[PlyCount "87"]
[EventDate "1994.??.??"]

{4/(21)} 1. c4 c5 2. g3 g6 3. Bg2 Bg7 4. Nf3 e6 5. O-O Ne7 6. Nc3 d6 7. d3 O-O
8. e4 e5 9. Bd2 Nbc6 10. Nd5 Bd7 11. Ne1 Nd4 12. Nc2 Nec6 13. Nde3 Nxc2 14.
Nxc2 Qc8 15. b4 cxb4 16. Nxb4 a5 17. Nd5 Qd8 18. Rb1 Rb8 19. Be3 Nd4 20. Bxd4
exd4 21. Rb6 Be6 22. Qb3 Bc8 23. Qa3 Bd7 24. Qxd6 Bc6 25. Qxd8 Rbxd8 26. Ne7+
Kh8 27. Nxc6 bxc6 28. Rxc6 Ra8 29. Rb6 h6 30. f4 h5 31. Rc1 Rfb8 32. Rxb8+ Rxb8
33. Rc2 Bf8 34. c5 Rc8 35. c6 Rc7 36. e5 Bb4 37. Rc4 Bc3 38. Kf2 Kg8 39. Kf3
Kf8 40. Ke4 Ke7 41. Kd5 Kd8 42. Bh3 Ke7 43. Kc5 Bb4+ 44. Kb6 1-0

[Event "Flint (MI Ch Spon/2)"]
[Site "?"]
[Date "1994.??.??"]
[Round "?"]
[White "Libby, Dan"]
[Black "Lusis, G."]
[Result "1-0"]
[WhiteElo "1700"]
[BlackElo "1605"]
[PlyCount "65"]
[EventDate "1994.??.??"]

1. c4 e5 2. g3 Nc6 3. Bg2 Bc5 4. Nc3 Qf6 5. Ne4 Qe6 6. Nxc5 Qxc4 7. Ne4 d6 8.
d3 Qb4+ 9. Qd2 Qxd2+ 10. Bxd2 Nd4 11. Rc1 Be6 12. b3 O-O-O 13. Nf3 Nxf3+ 14.
Bxf3 f5 15. Ng5 Nf6 16. Nxe6 Rd7 17. O-O e4 18. dxe4 fxe4 19. Bg2 Re8 20. Bh3
h6 21. Nxg7 Rh8 22. Bxd7+ Kxd7 23. Nf5 c5 24. Rfd1 Ke6 25. Ng7+ Kd7 26. Bf4 d5
27. Rxc5 Rc8 28. Rxc8 Kxc8 29. Bxh6 Ng4 30. Bg5 Kd7 31. Rxd5+ Kc6 32. Rf5 b5
33. h3 1-0

[Event "Flint (MI Ch Spon/4)"]
[Site "?"]
[Date "1994.??.??"]
[Round "?"]
[White "Libby, Dan"]
[Black "Ceterski, Justin"]
[Result "1-0"]
[WhiteElo "1700"]
[BlackElo "1605"]
[PlyCount "115"]
[EventDate "1994.??.??"]

1. c4 e5 2. g3 Nf6 3. Bg2 c6 4. Nf3 e4 5. Ng5 d5 6. O-O Bc5 7. d3 exd3 8. exd3
O-O 9. d4 Be7 10. c5 Ne4 11. Nf3 h5 12. Nc3 h4 13. h3 Nf6 14. g4 Nbd7 15. Nxh4
Ne4 16. Nxe4 dxe4 17. Nf5 g6 18. Nxe7+ Qxe7 19. Re1 f5 20. Bf4 Qe6 21. Bd6 Rf7
22. g5 b6 23. Qc2 Ba6 24. b4 Bd3 25. Qxd3 exd3 26. Rxe6 bxc5 27. dxc5 Nf8 28.
Bxf8 Kxf8 29. Rxg6 d2 30. Rxc6 Rd7 31. Rd6 Rxd6 32. cxd6 Rd8 33. Kf1 Rxd6 34.
Ke2 Rg6 35. h4 Rb6 36. a3 Rd6 37. Rd1 Rd4 38. h5 Rg4 39. Bf3 Rxg5 40. Rxd2 Ke7
41. h6 Rg6 42. h7 Rh6 43. Bc6 Ke6 44. Rd7 a6 45. a4 Ke5 46. b5 axb5 47. axb5
Kf4 48. b6 Re6+ 49. Kd3 Rh6 50. b7 Rh3+ 51. f3 Rxf3+ 52. Bxf3 Kxf3 53. h8=Q f4
54. b8=Q Kg3 55. Rg7+ Kf3 56. Qh3+ Kf2 57. Qxf4+ Ke1 58. Rg1# 1-0

[Event "Flint (MI YJ Spon/1)"]
[Site "?"]
[Date "1994.??.??"]
[Round "?"]
[White "Libby, Dan"]
[Black "Bensek, R."]
[Result "1-0"]
[WhiteElo "1700"]
[BlackElo "1605"]
[PlyCount "79"]
[EventDate "1994.??.??"]

1. c4 e5 2. g3 Nc6 3. Bg2 Nf6 4. d3 g6 5. Nc3 Bg7 6. Nf3 O-O 7. O-O d6 8. Bg5
h6 9. Bd2 Bf5 10. Re1 Qd7 11. a3 Bh3 12. Bh1 Rfe8 13. e4 Rab8 14. b4 a6 15. Rb1
Ng4 16. Nd5 Na7 17. a4 b5 18. axb5 axb5 19. c5 c6 20. Ne3 dxc5 21. Nxg4 Bxg4
22. Be3 cxb4 23. Rxb4 Nc8 24. Qd2 g5 25. Bc5 Re6 26. d4 exd4 27. Nxd4 Re5 28.
Qc2 Nd6 29. Bxd6 Qxd6 30. Qb2 c5 31. Rxb5 Rxb5 32. Nxb5 Qb6 33. Qb1 c4 34. Nc3
Qxb1 35. Rxb1 Ra5 36. Rb8+ Kh7 37. Nd5 Ra1+ 38. Kg2 Bd4 39. Ne3 Bxe3 40. fxe3
1-0

[Event "Detroit (MCO/Ch/4/6)"]
[Site "?"]
[Date "1994.??.??"]
[Round "?"]
[White "Leykekhman, D."]
[Black "Rajlich, Vasik"]
[Result "0-1"]
[WhiteElo "2295"]
[BlackElo "2120"]
[PlyCount "110"]
[EventDate "1994.??.??"]

{4/(6)} 1. d4 d5 2. c4 e6 3. Nc3 c6 4. cxd5 exd5 5. Nf3 Nf6 6. Bg5 Be7 7. e3
O-O 8. Bd3 Re8 9. Qc2 Ne4 10. Bxe4 dxe4 11. Bxe7 Qxe7 12. Nd2 Bf5 13. Ne2 Na6
14. a3 c5 15. O-O Rac8 16. Qa4 Bd7 17. Qb3 Be6 18. Qb5 cxd4 19. Nxd4 Rc5 20.
Qe2 h5 21. Rfc1 Bg4 22. Qe1 Rg5 23. b4 Nc7 24. Rc2 Nd5 25. Rac1 f5 26. g3 f4
27. exf4 Nxf4 28. Qe3 Nd3 29. Rc7 Qf6 30. R1c3 Rge5 31. Rxb7 Nxf2 32. Rcc7 Nd1
33. Rxg7+ Qxg7 34. Rxg7+ Kxg7 35. Qe1 e3 36. N2f3 Rd5 37. Qxd1 Bxf3 38. Qxf3
Rxd4 39. Qxh5 Ree4 40. Qg5+ Kf7 41. Qf5+ Ke7 42. Qg5+ Ke6 43. Qg8+ Kd6 44. Qf8+
Ke6 45. Qg8+ Kd7 46. Qf7+ Kc6 47. Qxa7 e2 48. Qc5+ Kd7 49. Qf5+ Ke7 50. Qc5+
Rd6 51. Qg5+ Rf6 52. Qc5+ Kf7 53. Qd5+ Ree6 54. Qd7+ Kg6 55. Qd3+ Rf5 0-1

[Event "Detroit (MI Op/6/25)"]
[Site "?"]
[Date "1994.??.??"]
[Round "?"]
[White "Lewis, Derrick"]
[Black "Triplett, Thomas"]
[Result "0-1"]
[WhiteElo "1895"]
[BlackElo "1980"]
[PlyCount "80"]
[EventDate "1994.??.??"]

{6/(25)} 1. e4 c5 2. c3 Nf6 3. e5 Nd5 4. d4 cxd4 5. Nf3 Nc6 6. Bc4 Nb6 7. Bb3
e6 8. cxd4 d6 9. O-O Be7 10. Nc3 d5 11. Be3 Bd7 12. Rc1 Na5 13. Bc2 Nbc4 14. b3
Nxe3 15. fxe3 Ba3 16. Rb1 Rc8 17. Ne2 Nc6 18. Ng3 Nb4 19. Ne1 Bb5 20. Bd3 Nxd3
21. Nxd3 Rc3 22. Qf3 O-O 23. Nf4 Bxf1 24. Rxf1 Rc1 25. Ngh5 Rxf1+ 26. Kxf1 Qg5
27. g3 Rc8 28. h4 Qf5 29. g4 Qe4 30. Qxe4 dxe4 31. Ne2 Rc2 32. Nhg3 Rxa2 33.
Nxe4 Rb2 34. Nd6 Rxb3 35. e4 Kf8 36. d5 Bxd6 37. exd6 exd5 38. Nd4 Rb4 39. Nf5
Ke8 40. e5 Rxg4 0-1

[Event "Detroit (MI Op/2/27)"]
[Site "?"]
[Date "1994.??.??"]
[Round "?"]
[White "Lewis, Derrick"]
[Black "Thompson, Dexter"]
[Result "0-1"]
[WhiteElo "1895"]
[BlackElo "2240"]
[PlyCount "72"]
[EventDate "1994.??.??"]

{2/(27)} 1. e4 e5 2. d4 exd4 3. Nf3 Nc6 4. Bc4 Nf6 5. e5 d5 6. Bb5 Ne4 7. Nxd4
Bc5 8. Be3 Bd7 9. Bxc6 bxc6 10. Nd2 Qe7 11. N2f3 Bb4+ 12. c3 Nxc3 13. bxc3
Bxc3+ 14. Kf1 c5 15. Rc1 cxd4 16. Nxd4 Ba5 17. h4 O-O 18. f4 Bb6 19. g4 c5 20.
Nf5 Bxf5 21. gxf5 d4 22. Bf2 Kh8 23. Rg1 Qd7 24. Qd3 g6 25. h5 Qxf5 26. Qxf5
gxf5 27. Bh4 Bd8 28. Bxd8 Rfxd8 29. Rxc5 d3 30. Rc7 Rab8 31. Rc1 Rb4 32. Rg3
Rxf4+ 33. Kg2 Re4 34. h6 d2 35. Rd3 Rg8+ 36. Kf3 dxc1=Q 0-1

[Event "Detroit (MI Op/5/34)"]
[Site "?"]
[Date "1994.??.??"]
[Round "?"]
[White "Lewis, Derrick"]
[Black "Key_Smith, G."]
[Result "1-0"]
[WhiteElo "1895"]
[BlackElo "1805"]
[PlyCount "37"]
[EventDate "1994.??.??"]

{5/(34)} 1. e4 e6 2. d4 d5 3. Nc3 Nf6 4. e5 Nfd7 5. Qg4 c5 6. Be3 Nc6 7. Nf3
cxd4 8. Bxd4 a6 9. Bd3 f5 10. Qg3 b5 11. O-O Nc5 12. Bxc5 Bxc5 13. Qxg7 Rf8 14.
Qxh7 Qe7 15. Qxe7+ Bxe7 16. Ne2 Bd7 17. Ned4 Nd8 18. Rfe1 Nf7 19. Nxf5 1-0

[Event "Detroit (MI Op/7/30)"]
[Site "?"]
[Date "1994.??.??"]
[Round "?"]
[White "Levadi, David"]
[Black "Walker, LeRoy"]
[Result "1/2-1/2"]
[WhiteElo "1950"]
[BlackElo "1880"]
[PlyCount "64"]
[EventDate "1994.??.??"]

{7/(30)} 1. Nf3 b6 2. c4 Bb7 3. d3 Bxf3 4. gxf3 Nf6 5. Nc3 d5 6. Qa4+ c6 7.
cxd5 Nxd5 8. Bd2 b5 9. Qb3 e6 10. a4 b4 11. Nxd5 Qxd5 12. Qc2 a5 13. e4 Qh5 14.
Be2 Qc5 15. Qb3 g6 16. Be3 Qd6 17. Rc1 Nd7 18. d4 Bg7 19. e5 Qd5 20. Qxd5 cxd5
21. Bb5 Kd8 22. Ke2 Ra7 23. Rc6 Ke7 24. Rhc1 Rha8 25. Rc8 Rxc8 26. Rxc8 h6 27.
Kd3 f6 28. f4 f5 29. f3 Nb6 30. Re8+ Kf7 31. b3 Ra8 32. Rxa8 Nxa8 1/2-1/2

[Event "Romulus (RVO/4/11)"]
[Site "?"]
[Date "1994.??.??"]
[Round "?"]
[White "Levadi, David"]
[Black "Walker, LeRoy"]
[Result "0-1"]
[WhiteElo "1945"]
[BlackElo "1860"]
[PlyCount "46"]
[EventDate "1994.??.??"]

{4/(11)} 1. Nf3 c5 2. Nc3 g6 3. g3 Bg7 4. Bg2 Nc6 5. O-O Nf6 6. d4 cxd4 7. Nxd4
O-O 8. e4 d6 9. Nxc6 bxc6 10. e5 dxe5 11. Bxc6 Bh3 12. Bxa8 Qxa8 13. f3 Bxf1
14. Qxf1 e4 15. f4 Ng4 16. Ne2 h5 17. h3 Nh6 18. c3 Nf5 19. Qf2 Rd8 20. Kh2 Rd3
21. g4 Rf3 22. Qe1 hxg4 23. hxg4 e3 0-1

[Event "Detroit (MCO/A/3a/4)"]
[Site "?"]
[Date "1994.??.??"]
[Round "?"]
[White "Levadi, David"]
[Black "Walker, LeRoy"]
[Result "1/2-1/2"]
[WhiteElo "1945"]
[BlackElo "1860"]
[PlyCount "70"]
[EventDate "1994.??.??"]

1. Nf3 c5 2. Nc3 Nc6 3. d4 cxd4 4. Nxd4 g6 5. g3 Bg7 6. Be3 Nf6 7. Bg2 Ng4 8.
O-O Nxe3 9. fxe3 O-O 10. Kh1 Ne5 11. Qe1 Ng4 12. Nd1 Nxe3 13. Nxe3 Bxd4 14. Qc1
Qb6 15. Nd5 Qd8 16. Qf4 Bg7 17. Rad1 d6 18. Qh4 Re8 19. g4 h6 20. Rd3 Be6 21.
Qf2 Rf8 22. h3 Rc8 23. Rb3 b6 24. e4 Rc5 25. Rf3 Bxd5 26. exd5 Qc8 27. Rxf7
Rxc2 28. Rxf8+ Bxf8 29. Qf7+ Kh8 30. Qxf8+ Qxf8 31. Rxf8+ Kg7 32. Ra8 a5 33. b4
axb4 34. Rb8 Rxa2 35. Rxb6 Rb2 1/2-1/2

[Event "Detroit (Class A/3/4)"]
[Site "?"]
[Date "1994.??.??"]
[Round "?"]
[White "Levadi, David"]
[Black "Taylor, E."]
[Result "1-0"]
[WhiteElo "1930"]
[BlackElo "1885"]
[PlyCount "85"]
[EventDate "1994.??.??"]

{3/(4)} 1. Nf3 d5 2. Nc3 c5 3. e4 d4 4. Bb5+ Bd7 5. Bxd7+ Nxd7 6. Ne2 e5 7. d3
Bd6 8. O-O Ne7 9. Nd2 O-O 10. Nc4 Bc7 11. a4 Nb6 12. Nxb6 Bxb6 13. f4 exf4 14.
Nxf4 f5 15. Ne6 Qd7 16. Nxf8 Rxf8 17. Bg5 fxe4 18. Rxf8+ Kxf8 19. Bxe7+ Qxe7
20. dxe4 Qxe4 21. Qf3+ Qxf3 22. gxf3 Kf7 23. Re1 Bc7 24. h3 Bf4 25. Re4 Be3+
26. Kf1 b6 27. b3 a6 28. Ke2 b5 29. axb5 axb5 30. Kd3 Bg5 31. b4 Be7 32. bxc5
Bxc5 33. Re5 Be7 34. Rxb5 Bf6 35. Ke4 Kg6 36. Rb6 Kh5 37. Rxf6 gxf6 38. Kxd4
Kh4 39. c4 Kxh3 40. c5 h5 41. c6 h4 42. c7 Kg3 43. c8=Q 1-0

[Event "Eastpointe (EDO/3/7)"]
[Site "?"]
[Date "1994.??.??"]
[Round "?"]
[White "Levadi, David"]
[Black "Sloan, Thomas"]
[Result "0-1"]
[WhiteElo "1945"]
[BlackElo "2105"]
[PlyCount "78"]
[EventDate "1994.??.??"]

{3/(7)} 1. Nf3 f5 2. e4 fxe4 3. Ng5 Nf6 4. d3 d5 5. dxe4 h6 6. e5 hxg5 7. exf6
exf6 8. Bd3 Be6 9. Nc3 Bb4 10. O-O Nc6 11. Bg6+ Kf8 12. Re1 Qd6 13. g3 Ne5 14.
Rxe5 Qxe5 15. Be3 c5 16. Na4 d4 17. Bd2 b5 18. c3 dxc3 19. bxc3 bxa4 20. cxb4
Rd8 21. Rc1 Qd4 22. Rc2 Rxh2 23. Qe2 Bg4 24. Qe3 Rh6 25. Be4 Qxe3 26. Bxe3 cxb4
27. Rc7 Rd1+ 28. Kg2 Rd7 29. Bc5+ Kf7 30. Rc8 f5 31. Bc6 Rd1 32. Be8+ Kf6 33.
Bxa4 Bh3+ 34. Kf3 Rd3+ 35. Be3 f4 36. gxf4 gxf4 37. Kxf4 Kf7 38. Ke4 Rxe3+ 39.
Kxe3 Bxc8 0-1

[Event "Detroit (Class A/1/9)"]
[Site "?"]
[Date "1994.??.??"]
[Round "?"]
[White "Levadi, David"]
[Black "Neshewat, Michael"]
[Result "1-0"]
[WhiteElo "1930"]
[BlackElo "1825"]
[PlyCount "109"]
[EventDate "1994.??.??"]

{1/(9)} 1. Nf3 d5 2. Nc3 Nf6 3. d4 Bg4 4. Bg5 h6 5. Bf4 e6 6. h3 Bxf3 7. exf3
Bb4 8. Be2 O-O 9. O-O Bxc3 10. bxc3 a6 11. a4 Nbd7 12. a5 Re8 13. c4 c5 14. c3
Rc8 15. Qb3 dxc4 16. Bxc4 cxd4 17. cxd4 Nb8 18. Rfd1 Nc6 19. d5 Nxa5 20. Rxa5
Qxa5 21. dxe6 Kh8 22. Bd2 Qc7 23. exf7 Red8 24. Bd3 Nd5 25. f8=Q+ Rxf8 26. Qxd5
Rcd8 27. Qe4 Rxd3 28. Qxd3 Rd8 29. Qb3 Qe7 30. Be3 Rxd1+ 31. Qxd1 b5 32. Qd5
Qc7 33. Bd4 b4 34. Qe5 Qc1+ 35. Kh2 Qg5 36. Qxg5 hxg5 37. Bc5 a5 38. Kg1 Kg8
39. Kf1 Kf7 40. Ke2 Ke6 41. Kd3 Kd5 42. Bf8 b3 43. Kc3 a4 44. g3 g6 45. Ba3 Ke5
46. Kb4 Kd4 47. Kxa4 Kc3 48. Kb5 b2 49. Bxb2+ Kxb2 50. Kc4 Kc2 51. Kd4 Kd2 52.
Ke4 Ke2 53. h4 gxh4 54. gxh4 Kxf2 55. Kf4 1-0

[Event "Romulus (RVO/2/14)"]
[Site "?"]
[Date "1994.??.??"]
[Round "?"]
[White "Levadi, David"]
[Black "Moore, Robert"]
[Result "1-0"]
[WhiteElo "1945"]
[BlackElo "1700"]
[PlyCount "67"]
[EventDate "1994.??.??"]

{2/(14)} 1. e4 c5 2. Nf3 d6 3. c3 Nf6 4. Bd3 Nc6 5. Na3 a6 6. Nc4 e6 7. O-O Be7
8. Bc2 d5 9. exd5 exd5 10. Nce5 O-O 11. d4 Nxe5 12. Nxe5 c4 13. Re1 Bd6 14. Bg5
Qc7 15. Bxf6 gxf6 16. Qh5 f5 17. Qg5+ Kh8 18. Qf6+ Kg8 19. Nf3 Qd8 20. Qh6 f6
21. Nh4 Qc7 22. Nxf5 Bxf5 23. Bxf5 Bf4 24. Qh5 Rad8 25. g3 Qg7 26. Be6+ Kh8 27.
Bxd5 b6 28. Qf5 Bc7 29. a3 Qg6 30. Qf3 Rd6 31. Re6 Rxe6 32. Bxe6 Qc2 33. Bf5
Qxb2 34. Qh5 1-0

[Event "Detroit (MCO/A/1a/6)"]
[Site "?"]
[Date "1994.??.??"]
[Round "?"]
[White "Levadi, David"]
[Black "Mankiewicz, Ryan"]
[Result "0-1"]
[WhiteElo "1945"]
[BlackElo "1835"]
[PlyCount "28"]
[EventDate "1994.??.??"]

1. Nc3 d5 2. e4 d4 3. Nce2 e5 4. Ng3 Be6 5. Nf3 Nd7 6. a3 Be7 7. Bb5 c6 8. Ba4
Nc5 9. Bb3 Bxb3 10. cxb3 Nd3+ 11. Kf1 Qb6 12. Qc2 Nxf2 13. Nxe5 Nxh1 14. d3
Nxg3+ 0-1

[Event "Detroit (Class A/5/4)"]
[Site "?"]
[Date "1994.??.??"]
[Round "?"]
[White "Levadi, David"]
[Black "Kung, Fred"]
[Result "1-0"]
[WhiteElo "1930"]
[BlackElo "1815"]
[PlyCount "101"]
[EventDate "1994.??.??"]

{5/(4)} 1. Nf3 d5 2. Nc3 c5 3. e4 e6 4. exd5 exd5 5. d4 c4 6. Be2 Bd6 7. O-O
Ne7 8. Nb5 Nbc6 9. Nxd6+ Qxd6 10. b3 b5 11. a4 cxb3 12. axb5 bxc2 13. Qxc2 Nb4
14. Qa4 a5 15. Ba3 Bb7 16. Bxb4 Qxb4 17. Qxb4 axb4 18. Rxa8+ Bxa8 19. Rb1 O-O
20. Rxb4 Rb8 21. Ra4 Nc8 22. Kf1 Kf8 23. Ke1 Nb6 24. Ra7 Rb7 25. Rxb7 Bxb7 26.
Kd2 Ke7 27. Kc3 f6 28. Nd2 Kd6 29. g3 Bc8 30. Kb4 Bb7 31. Bd3 h6 32. Bf5 Ba8
33. Bg6 Bb7 34. f4 Bc8 35. Bf7 Bg4 36. Ka5 Kc7 37. Kb4 Kd6 38. Bg6 Be2 39. Nb3
Nc4 40. Nc1 Bg4 41. Bd3 Nb6 42. Bf1 g5 43. fxg5 fxg5 44. Nd3 Be6 45. Ne5 Nc8
46. Be2 Nb6 47. Bh5 Nc8 48. Bf7 Bf5 49. Ka5 Kc7 50. Bxd5 Nb6 51. Bb3 1-0

[Event "Detroit (MI Op/5/22)"]
[Site "?"]
[Date "1994.??.??"]
[Round "?"]
[White "Levadi, David"]
[Black "Kamberi, Sonny"]
[Result "0-1"]
[WhiteElo "1945"]
[BlackElo "2030"]
[PlyCount "39"]
[EventDate "1994.??.??"]

{5/(22)} 1. Nf3 d5 2. d4 Nf6 3. g3 Bf5 4. Bg2 Nc6 5. Bg5 h6 6. Bxf6 exf6 7. O-O
Qd7 8. Re1 O-O-O 9. c3 Bh3 10. Bh1 h5 11. Nbd2 h4 12. e4 hxg3 13. fxg3 dxe4 14.
Nxe4 Qf5 15. Nf2 Bd6 16. Qb1 Qh5 17. Nxh3 Qxh3 18. Qe4 f5 19. Qe2 f4 20. Ne5
0-1

[Event "Detroit (MI Op/1a/5)"]
[Site "?"]
[Date "1994.??.??"]
[Round "?"]
[White "Levadi, David"]
[Black "Hahn, David"]
[Result "0-1"]
[WhiteElo "1945"]
[BlackElo "2230"]
[PlyCount "48"]
[EventDate "1994.??.??"]

1. Nf3 d6 2. g3 e5 3. Bg2 f5 4. d4 e4 5. Nfd2 Nf6 6. c4 c6 7. e3 Na6 8. O-O Be7
9. Nc3 O-O 10. a3 Be6 11. b4 Nc7 12. Bb2 Qe8 13. Ne2 Kh8 14. Bh3 d5 15. Nf4 Bd7
16. cxd5 cxd5 17. Rc1 Rc8 18. f3 g5 19. Ne2 exf3 20. Nc3 g4 21. Nxf3 gxf3 22.
Rxf3 Ne4 23. Nxe4 fxe4 24. Rxf8+ Bxf8 0-1

[Event "Detroit (MCO/A/5/5)"]
[Site "?"]
[Date "1994.??.??"]
[Round "?"]
[White "Levadi, David"]
[Black "Golonka, Stan"]
[Result "1/2-1/2"]
[WhiteElo "1945"]
[BlackElo "1925"]
[PlyCount "80"]
[EventDate "1994.??.??"]

{5/(5)} 1. Nc3 c5 2. Nf3 Nc6 3. g3 g6 4. d4 cxd4 5. Nxd4 Bg7 6. Be3 Nf6 7. Bg2
O-O 8. O-O Ng4 9. Nxc6 Nxe3 10. Nxd8 Nxd1 11. Nxd1 Rxd8 12. c3 d6 13. Ne3 Bd7
14. Rfd1 Bc6 15. Rd2 Bh6 16. f4 e5 17. Ng4 Bg7 18. Bxc6 bxc6 19. fxe5 dxe5 20.
Rad1 Rxd2 21. Rxd2 f5 22. Nf2 Rb8 23. e4 Bh6 24. Rc2 Be3 25. Kf1 Rd8 26. Re2
Bxf2 27. Kxf2 Kf7 28. Ke3 Ke6 29. Rf2 Rd1 30. Re2 Ra1 31. b3 Rd1 32. b4 Rd6 33.
a4 a6 34. Rb2 Rd1 35. exf5+ gxf5 36. c4 Ra1 37. b5 Ra3+ 38. Kd2 axb5 39. axb5
cxb5 40. cxb5 Ra7 1/2-1/2

[Event "Eastpointe (EDO/5/4)"]
[Site "?"]
[Date "1994.??.??"]
[Round "?"]
[White "Levadi, David"]
[Black "Dowling, Jo"]
[Result "0-1"]
[WhiteElo "1945"]
[BlackElo "2195"]
[PlyCount "66"]
[EventDate "1994.??.??"]

{5/(4)} 1. Nf3 d5 2. Nc3 Nf6 3. d3 Bf5 4. e3 c6 5. Be2 Nbd7 6. Nh4 Bg6 7. g4 e5
8. Nxg6 hxg6 9. Bf3 Bd6 10. e4 d4 11. Ne2 b5 12. Bd2 c5 13. a4 a6 14. Ng3 Nb6
15. axb5 axb5 16. b3 Nfd7 17. Kf1 Nf8 18. Rxa8 Qxa8 19. Kg2 Qd8 20. Qa1 Ne6 21.
Qa6 b4 22. Qb5+ Ke7 23. h4 Qc7 24. Ra1 Rb8 25. Ra6 Nd5 26. Qa5 Qxa5 27. Rxa5
Nc3 28. Ra7+ Nc7 29. h5 Ra8 30. Rxa8 Nxa8 31. hxg6 fxg6 32. Ne2 Nb1 33. Bc1 Na3
0-1

[Event "Detroit (MI Op/3/18)"]
[Site "?"]
[Date "1994.??.??"]
[Round "?"]
[White "Levadi, David"]
[Black "Bailey, Greg"]
[Result "0-1"]
[WhiteElo "1940"]
[BlackElo "2095"]
[PlyCount "63"]
[EventDate "1994.??.??"]

{3/(18)} 1. Nf3 Nf6 2. d4 g6 3. g3 Bg7 4. Bg2 O-O 5. O-O d5 6. Nc3 Nbd7 7. Ne5
e6 8. Bg5 h6 9. Nxd7 Bxd7 10. Bf4 c5 11. Bd6 cxd4 12. Bxf8 Qxf8 13. Nb1 Qb4 14.
Nd2 Qxb2 15. Rb1 Qxa2 16. Rxb7 Rc8 17. Nb3 Rxc2 18. Qxd4 Ne4 19. Qxa7 Qxa7 20.
Rxa7 Bb5 21. Rc1 Rxe2 22. Bf1 Nc3 23. Ra8+ Kh7 24. Kg2 Rb2 25. Bxb5 Nxb5 26.
Nc5 Bd4 27. Nd3 Rd2 28. Ra5 Nc3 29. Ne1 Rxf2+ 30. Kh3 Ne2 31. Rc2 Ng1+ 32. Kg4
0-1